2: Psycho / (Record no. 23662)
[ view plain ]
| 000 -LEADER | |
|---|---|
| campo di controllo lung. fissa | 01524ngm a22003377ib4500 |
| 001 - Numero di controllo | |
| campo di controllo | IT\ICCU\FER\0174976 |
| 003 - Identificatore del numero di controllo | |
| campo di controllo | ItRI |
| 005 - Data e orario dell'ultima transazione | |
| campo di controllo | 20260124182916.0 |
| 008 - Elementi di lunghezza fissa--Informazione generale | |
| campo di controllo lung. fissa | 991029s1993 it |||||||||||||||k|||||c |
| 040 ## - Fonte della catalogazione | |
| Lingua della catalogazione | ita |
| 041 #7 - Codice di lingua | |
| Codice di lingua del testo/traccia sonora o titolo separato | ita |
| Fonte del codice | ISO-639-2 |
| 082 ## - Numero di classificazione Decimale Dewey | |
| Numero di classificazione | 791.43 |
| -- | CINEMA |
| Numero dell'edizione | 19 |
| 130 0# - Accesso principale--titolo uniforme | |
| Titolo uniforme | Psyco <film ; 1960> |
| -- | IT\ICCU\CAG\0798036 |
| 245 03 - Formulazione del titolo | |
| Titolo | 2: Psycho / |
| Formulazione di responsabilità, ecc. | regia di Alfred Hitchcock ; sceneggiatura di Joseph Stefano ; da un romanzo di Robert Bloch. |
| 260 ## - Pubblicazione, distribuzione, ecc. (stampa) | |
| Luogo di pubblicazione, distribuzione, ecc. | Novara : |
| Nome dell'editore, distributore, ecc. | Istituto geografico De Agostini, |
| Data di pubblicazione, distribuzione, ecc. | c1993 |
| 300 ## - Descrizione fisica | |
| Estensione | 1 videocassetta (VHS) (104 min.) : |
| Altre particolarità fisiche | b/n, son. + |
| Materiale allegato | 1 fasc. (20 p.) |
| 500 ## - Nota generale | |
| Nota generale | Tit. del contenitore |
| 500 ## - Nota generale | |
| Nota generale | Film del 1960, USA; interpreti: Anthony Perkins, Janet Liegh, Vera Miles, Martin Balsam, John Gavin, John McIntire. |
| 500 ## - Nota generale | |
| Nota generale | pubblicato anche come numero 1 |
| -- | IT\ICCU\CFI\0329977 |
| 700 1# - Accesso aggiunto--nome di persona | |
| Nome di persona | Leigh, Janet, |
| Date associate al nome | (1927-2004) |
| Numero del record di authority o numero standard | IT\ICCU\BVEV\050715 |
| 700 1# - Accesso aggiunto--nome di persona | |
| Nome di persona | Hitchcock, Alfred |
| Numero del record di authority o numero standard | IT\ICCU\CFIV\007729 |
| 700 1# - Accesso aggiunto--nome di persona | |
| Nome di persona | Bloch, Robert |
| Numero del record di authority o numero standard | IT\ICCU\CFIV\101705 |
| 700 1# - Accesso aggiunto--nome di persona | |
| Nome di persona | Perkins, Anthony |
| Numero del record di authority o numero standard | IT\ICCU\RAVV\088455 |
| 700 1# - Accesso aggiunto--nome di persona | |
| Nome di persona | Stefano, Joseph |
| Numero del record di authority o numero standard | IT\ICCU\RAVV\089547 |
| 700 1# - Accesso aggiunto--nome di persona | |
| Nome di persona | Miles, Vera |
| Numero del record di authority o numero standard | IT\ICCU\RAVV\089548 |
| 773 1# - Accesso d’item ospite | |
| Numero di controllo della registrazione | IT\ICCU\CFI\0329977 |
| Titolo | I grandi capolavori del brivido |
| Informazione sulla relazione | 2 |
| Intestazione principale | Hitchcock, Alfred |
| Codice record bibliografico contenente lo spoglio | IT\ICCU\CFIV\007729 |
| 790 1# - | |
| -- | Hitchcock, Alfred Joseph |
| -- | IT\ICCU\SBNV\034806 |
| -- | Hitchcock, Alfred |
| 790 1# - | |
| -- | Bloch, Robert Albert |
| -- | IT\ICCU\RAVV\694302 |
| -- | Bloch, Robert |
| 790 1# - | |
| -- | Perkins, Tony |
| -- | IT\ICCU\SBNV\113226 |
| -- | Perkins, Anthony |
| 942 ## - Dati aggiuntivi (Koha) | |
| Fonte della classificazione o dello schema di collocazione (segnatura) | Classificazione decimale Dewey |
| Tipo copia default (Koha) | Materiali visivi |
| Nasconto in Opac | No |
| Status ritirato | Status smarrito: | Status danneggiato: | Escluso dal prestito | Biblioteca di appartenenza | Biblioteca corrente | Data di acquisti | Numero d'inventario | Totale prestiti | Collocazione | Codice a barre | Data ultima revisione | Prezzo effettivo da | Tipo copia default (Koha) | Nota pubblica |
|---|---|---|---|---|---|---|---|---|---|---|---|---|---|---|
| BOLOGNA | Centro di Documentazione "Flavia Madaschi" Cassero LGBTQIA+ Center | BOLOGNA | Centro di Documentazione "Flavia Madaschi" Cassero LGBTQIA+ Center | 24/01/2026 | 6982 | VO 402 | BO6982 | 24/01/2026 | 24/01/2026 | Materiali visivi | 1 videocassetta |